世界未解之谜 (Record no. 67724)
[ view plain ]
| 000 -LEADER | |
|---|---|
| fixed length control field | 00539nam a22001937a 4500 |
| 003 - CONTROL NUMBER IDENTIFIER | |
| control field | MPLRDC |
| 005 - DATE AND TIME OF LATEST TRANSACTION | |
| control field | 20220104202618.0 |
| 008 - FIXED-LENGTH DATA ELEMENTS--GENERAL INFORMATION | |
| fixed length control field | 210129b ||||| |||| 00| 0 eng d |
| 020 ## - INTERNATIONAL STANDARD BOOK NUMBER | |
| International Standard Book Number | 978-7-5113-3942-3 |
| 082 ## - DEWEY DECIMAL CLASSIFICATION NUMBER | |
| Classification number | 297 WRY |
| 100 ## - MAIN ENTRY--PERSONAL NAME | |
| Personal name | 文若愚 编著 |
| 245 ## - TITLE STATEMENT | |
| Title | 世界未解之谜 |
| Statement of responsibility, etc. | 孔群、郝勤建、韩力强 图片摄影 |
| 250 ## - EDITION STATEMENT | |
| Edition statement | 初版一刷 |
| 260 ## - PUBLICATION, DISTRIBUTION, ETC. | |
| Place of publication, distribution, etc. | 中国 |
| Name of publisher, distributor, etc. | 中国华侨出版社 |
| Date of publication, distribution, etc. | 2013 |
| 300 ## - PHYSICAL DESCRIPTION | |
| Other physical details | 精 |
| 520 ## - SUMMARY, ETC. | |
| Summary, etc. | 新书上架 2018-04-17。 |
| 650 ## - SUBJECT ADDED ENTRY--TOPICAL TERM | |
| Topical term or geographic name entry element | 异象奇闻;奇迹 |
| 942 ## - ADDED ENTRY ELEMENTS (KOHA) | |
| Koha item type | Book |
| -- | 297 WRY |
| Withdrawn status | Lost status | Source of classification or shelving scheme | Damaged status | Not for loan | Collection code | Home library | Current library | Shelving location | Date acquired | Cost, normal purchase price | Total Checkouts | Total Renewals | Full call number | Barcode | Date last seen | Date last checked out | Price effective from | Koha item type | Public note |
|---|---|---|---|---|---|---|---|---|---|---|---|---|---|---|---|---|---|---|---|
| Malaysian Public Library, Research and Development Centre | Malaysian Public Library, Research and Development Centre | 23/12/2017 | 35.80 | 1 | 297 WRY | 00061317 | 18/03/2021 | 20/01/2019 | 18/03/2021 | Book | mplrdc |
